| 000 | 01163cam a2200337 b 4500 | ||
|---|---|---|---|
| 001 | 32077 | ||
| 003 | BD-RjUL | ||
| 005 | 20211209051803.0 | ||
| 008 | 140423s1979 cauh b 00110 eng d | ||
| 020 | _a0895810026 | ||
| 035 | _a(BD-RjUL)32166 | ||
| 040 |
_aNNCU _beng _cNNCU _dANL _dBD-RjUL |
||
| 041 | 0 | _aengfresantib | |
| 082 | 0 |
_a294.3 _219 _bJOB 1979 |
|
| 100 | 1 |
_aDe Jong, J. W. _q(Jan Willem), _d1921- _997619 |
|
| 245 | 1 | 0 |
_aBuddhist studies / _cby J.W. de Jong ; edited by Gregory Schopen. |
| 250 | _aFacsim. ed. | ||
| 260 |
_aBerkeley, Calif. : _bAsian Humanities Press, _cc1979. |
||
| 300 |
_aix, 717 p. : _bill. ; _c31 cm. |
||
| 500 | _aText in English, French, Sanskrit, Tibetan. | ||
| 500 | _a"Facsimile edition in which the original pagination is preserved" -- T.p. verso. | ||
| 504 | _aBibliography: p. 663-717. | ||
| 504 | _aIncludes index. | ||
| 600 | 1 | 0 |
_aDe Jong, J. W. _q(Jan Willem), _d1921- _xBibliography. _997620 |
| 650 | 0 |
_aBuddhism. _997621 |
|
| 650 | 0 |
_aBuddhism _zIndia. _997622 |
|
| 650 | 0 |
_aBuddhist literature _xHistory and criticism. _997623 |
|
| 700 | 1 |
_aSchopen, Gregory. _997624 |
|
| 942 |
_2ddc _cBK |
||
| 999 |
_c32077 _d32077 |
||